Gaming Quiz

Random Gaming or Pokémon Quiz

Pokémon by Missing Letter and Mixed Word Quiz Stats

 Plays Quiz not verified by Sporcle

Also try: 5-Star Video Games
Challenge
Share
Tweet
Embed
Score 0/10 Timer 04:00
0 Plays Today
First Two Pokémon Final Pokémon % Correct
_apor_on, _l_ctabuzzEevee
79.8%
Rh_do_, _igglypuffJynx
77.9%
Jyn_, Weez_ngOnix
77.7%
M_gi_arp, E_veeEkans
76.7%
F_ar_on, Moltre_Seel
76%
Dragon__e, _aurosDitto
75.3%
Se_dr_, Sta_yuAbra
73.4%
K_buto_s, Oma_t_rParas
66.1%
_yarad_s, Jo_te_nGloom
65.7%
Sc_t_er, _oryg_nHypno
59.7%

You're not logged in!

Compare scores with friends on all Sporcle quizzes.
OR
Log In

You Might Also Like...

Show Comments

Extras

Top Quizzes Today


Score Distribution

Your Account Isn't Verified!

In order to create a playlist on Sporcle, you need to verify the email address you used during registration. Go to your Sporcle Settings to finish the process.

Report this User

Report this user for behavior that violates our Community Guidelines.

Details: